000 00557nam a22001697a 4500
003 SGT
020 _a9789332901131
082 _a621.3191
_bPAI
100 _aPAI,M.A
245 _aCOMPUTER TECHNIQUES IN POWER SYSTEM ANALYSIS
250 _a3RD
260 _aNEW DELHI
_bTMH
_c2015
300 _aV.P
650 _aMECHANICAL ENGINEERING
653 _aPOWER SYSTEMS COMPONENTS,TOPOLOGICAL ANALYSIS OF POWER NETWORKS, BUS IMPEDANCE ALGORITHM,SHORT CIRCUIT STUDIES, POWER FLOW STUDIES, OPTIMUM POWER FLOW.STABILITY STUDIES, RENEWABLE SOURCE
942 _2ddc
_cBK
999 _c8233
_d8233